|
|
|
|
| LEADER |
01007nam a22002651 4500 |
| 001 |
35701 |
| 003 |
BD-DhAAL |
| 005 |
20211206131755.0 |
| 008 |
200309t1970 nyu b 000 0 eng d |
| 999 |
|
|
|c 42309
|d 42309
|
| 010 |
|
|
|a 72092082
|
| 040 |
|
|
|a DLC
|c DLC
|d DLC
|d BD-DhAAL
|
| 050 |
0 |
0 |
|a LB1031
|b .H78
|
| 082 |
0 |
0 |
|a 371.39408
|
| 100 |
1 |
|
|a Howes, Virgil M.
|9 39841
|
| 245 |
1 |
0 |
|a Individualization of instruction :
|b a teaching strategy /
|c Virgil M. Howes.
|
| 260 |
|
|
|a London :
|b Collier-Macmillan,
|c c1970
|
| 300 |
|
|
|a ix, 243 pages ;
|c 22 cm.
|
| 504 |
|
|
|a Includes bibliographical references.
|
| 526 |
|
|
|a BIED
|
| 541 |
|
|
|a Complimentary copy from BIED
|e 35701
|
| 650 |
|
0 |
|a Individualized instruction.
|9 39842
|
| 852 |
|
|
|a Ayesha Abed Library
|c BIED Collection
|
| 942 |
|
|
|2 ddc
|c BK
|
| 952 |
|
|
|0 0
|1 0
|2 ddc
|4 0
|6 371_394080000000000_HOW
|7 0
|9 68115
|a BRACUL
|b BRACUL
|c GEN
|d 2020-03-09
|e Complimentary copy from BIED
|l 0
|o 371.39408 HOW
|p 3010035701
|r 2020-03-09
|t 1
|w 2020-03-09
|y BK
|x Transferred from BIED to General Stacks
|